Statistics for Vocabulary Mega-Challenge #2

Click here to take the quiz!

General Stats

  • This quiz has been taken 44,586 times
  • The average score is 11 of 20

Answer Stats

Definition#Answer% Correct
Natural home of a plant or animal7Hab{itat}
94%
Triumphant; successful10Vic{torious}
92%
Active at night9No{cturnal}
91%
To make up; invent9Fab{ricate}
90%
To light up or make clear10Ill{uminate}
90%
Harmless medicine with no effect7Pl{acebo}
89%
Sensitivity to another's feelings7Em{pathy}
88%
Astonished; astounded13Flab{bergasted}
88%
To terrify; turn to stone7Pe{trify}
88%
Basic; elementary11Rud{imentary}
88%
Juicy9Suc{culent}
88%
Free from disturbance; calm8Tra{nquil}
88%
Medieval chemistry7Al{chemy}
87%
To see visions; imagine things11Hal{lucinate}
87%
To reduce something to ashes10Inci{nerate}
87%
To bring bad luck to4Ji{nx}
87%
Childish; immature8Ju{venile}
87%
A seed of corn6Ke{rnel}
87%
A self-centred person10Nar{cissist}
87%
Favoritism towards family8Ne{potism}
87%
Never-ending; eternal9Perp{etual}
87%
To lean or lie back7Rec{line}
87%
Able to withstand difficulties9Resil{ient}
87%
Adept with both left and right hands12Ambi{dextrous}
86%
Lack of interest or emotion6Apa{thy}
86%
Pamphlet8Bro{chure}
86%
To persuade by force or threats6Coe{rce}
86%
Difficult to catch or achieve7Elu{sive}
86%
One who suffers for a cause6Mar{tyr}
86%
To bring up swallowed food11Reg{urgitate}
86%
A brief, amusing story8Ane{cdote}
85%
Wild; savage (esp. an animal)5Fe{ral}
85%
A runaway; escapee8Fu{gitive}
85%
Unrehearsed; spontaneous9Improm{ptu}
85%
Conforming to Jewish dietary laws6K{osher}
85%
The path taken by a projectile10Tra{jectory}
85%
Extremely bad; appalling7Aby{smal}
84%
Pirate; marauder9Buc{caneer}
84%
Logical and consistent8Coh{erent}
84%
Exaggerated statements9Hy{perbole}
84%
Native to a particular area10Ind{igenous}
84%
A recurrent urge to steal11Kle{ptomania}
84%
Someone without training; beginner6No{vice}
84%
Cautious; wise7Pru{dent}
84%
To strike repeatedly with the fists6Pum{mel}
84%
The meat of a deer7V{enison}
84%
To refuse to have dealings with7Boy{cott}
83%
Horse-rider6J{ockey}
83%
Egyptian writing material7Pa{pyrus}
83%
A fortress protecting a city7Cit{adel}
82%
Clumsy; showing no skill5Ine{pt}
82%
To hypnotize9Mes{merize}
82%
Belly button5N{avel}
82%
To wave or flourish a weapon8Bran{dish}
81%
To scavenge for food or provisions6Fo{rage}
81%
To boast about one's triumph5Gl{oat}
81%
Harmful11Detr{imental}
80%
Extremely cold6Fri{gid}
80%
Beautiful; fashionable9Gla{morous}
80%
The vocabulary of a language7Lex{icon}
80%
All-powerful10Omni{potent}
80%
Not clear6Op{aque}
80%
Hermit7Rec{luse}
80%
To ransack; thoroughly search7Rum{mage}
80%
Volcanically inactive7Do{rmant}
79%
Judge's hammer5G{avel}
79%
Overindulgence in food or drink8Gl{uttony}
79%
Flexible; able to be shaped9Mall{eable}
79%
Violent and spiteful7Vic{ious}
79%
Huge, monstrous creature8Beh{emoth}
78%
To support or strengthen7Bol{ster}
78%
Person to whom one shares secrets9Conf{idant}
78%
To kill or destroy a large part of8Dec{imate}
78%
Tube with mirrors and coloured glass12Kal{eidoscope}
78%
Government by a privileged few9Ol{igarchy}
78%
Sinister and foreboding7Om{inous}
78%
Fertilized egg6Zy{gote}
78%
Showing care in one's work8Dil{igent}
77%
To rudely interrupt a comedian, eg.6He{ckle}
77%
Clumsy person5Kl{utz}
77%
Very angry5Li{vid}
77%
Female nature spirit5Ny{mph}
77%
Legal excuse or pretext5Al{ibi}
76%
Single-story house, often with a porch8Bun{galow}
76%
Secret; covert; stealthy11Clan{destine}
76%
Possible and practical8Fea{sible}
76%
Unbiased; neutral9Imp{artial}
76%
The back of a person's neck4N{ape}
76%
A state of perfect happiness7Ni{rvana}
76%
To confer holy orders on a priest6Or{dain}
76%
Clever sarcastic remark4Qu{ip}
76%
A deep, narrow gorge6Ra{vine}
76%
To extract metal from ore5Sm{elt}
76%
A substance that dissolves another7Sol{vent}
76%
Archaic plural of 'brother'8Bre{thren}
75%
A risqué variety show9Bur{lesque}
75%
Exaggerated depiction for comic effect10Cari{cature}
75%
Gentlemanly; gallant10Chi{valrous}
75%
Huge; gigantic10Gar{gantuan}
75%
Transformation; change of form13Meta{morphosis}
75%
Black volcanic rock8Ob{sidian}
75%
Unspoiled; immaculate8Pri{stine}
75%
Male voice between tenor and bass8Ba{ritone}
74%
A sacred goblet7Ch{alice}
74%
To make gestures while speaking11Gesti{culate}
74%
Carelessness10Negl{igence}
74%
Scoundrel; violent thug7Ruf{fian}
74%
Temporary platform for workers8Sca{ffold}
74%
Sticky; syrupy7Vis{cous}
74%
Mythical food of the gods8Amb{rosia}
73%
Extremely upset; agitated10Distra{ught}
73%
Overjoyed; thrilled6El{ated}
73%
Origin; source; beginning7Ge{nesis}
73%
A building that houses tombs9Mau{soleum}
73%
To make a pompous speech5Or{ate}
73%
Scruffy; disheveled7Unk{empt}
73%
To publicly recommend or support8Adv{ocate}
72%
Delicate and exquisite; heavenly8Ethe{real}
72%
Words used as a magic charm11Inca{ntation}
72%
A long, eventful journey7Od{yssey}
72%
A feeling of alarm or dread11Trep{idation}
72%
Oddity; irregularity7Ano{maly}
71%
The front elevation of a building6Fa{cade}
71%
Enthusiastic about; interested in4K{een}
71%
Defamation5Li{bel}
71%
Producing a great deal of profit9Lu{crative}
71%
An open sore on the body5U{lcer}
71%
To annoy or frustrate3V{ex}
71%
Airship8Ze{ppelin}
71%
To violate a sacred place9Des{ecrate}
70%
The animals of a particular region5Fa{una}
70%
Juicy; moist; succulent8Lus{cious}
70%
A specific memory aid8Mn{emonic}
70%
Third in order or rank8Ter{tiary}
70%
Relating to the theater8Thes{pian}
70%
Concerning art or beauty9Ae{sthetic}
69%
Heartless; cruel7Cal{lous}
69%
Based on observation or experience9Emp{irical}
69%
Woolly covering of a sheep6Fl{eece}
69%
Relating to the sense of smell9Ol{factory}
69%
Showy; pretentious12Ost{entatious}
69%
Happy chance; good fortune11Sere{ndipity}
69%
Lukewarm5Te{pid}
69%
Powerful circular current of water6Vo{rtex}
69%
Existing before a war10Anteb{ellum}
68%
Outstandingly bad9Egr{egious}
68%
A person with imaginary illness13Hypo{chondriac}
68%
Traditional; conformist8Ort{hodox}
68%
Experiencing nausea6Que{asy}
68%
Face; appearance6Vi{sage}
68%
Poet4B{ard}
67%
Small cave6Gr{otto}
67%
Expressed clearly; intelligible5Lu{cid}
67%
Extreme skepticism; belief in nothing8Ni{hilism}
67%
Obvious, not hidden5Ov{ert}
67%
To squirm or thrash around6Wri{the}
67%
Selfless concern for others8Al{truism}
66%
A place where bees are kept6Ap{iary}
66%
Well-meaning and kindly10Ben{evolent}
66%
Intellectual; brainy8Cer{ebral}
66%
Extremely thin; wasted away9Ema{ciated}
66%
To dig up a corpse6Ex{hume}
66%
Distance around a person's waist5Gi{rth}
66%
Toilsome; arduous9Lab{orious}
66%
To put an end to; suppress5Que{ll}
66%
Statement widely accepted as true5Ax{iom}
65%
To persuade by sustained flattery6Caj{ole}
65%
Political delaying tactic10Fil{ibuster}
65%
Not continuous; intermittent8Spo{radic}
65%
A homeless drifter7Vag{rant}
65%
To sing in a quavering voice6War{ble}
65%
A club; heavy-handed weapon8Blu{dgeon}
64%
Wide-ranging; varied8Ecl{ectic}
64%
A very large aquatic creature9Lev{iathan}
64%
Relating to marriage or weddings7Nu{ptial}
64%
A ceremonial fire heap4P{yre}
64%
Plump; chubby6Ro{tund}
64%
A twisting force causing rotation6Tor{que}
64%
To make worse10Exac{erbate}
63%
Excessively agitated8Frene{tic}
63%
To grind one's teeth5Gn{ash}
63%
Newsstand booth5Ki{osk}
63%
To chew9Mas{ticate}
63%
Not securely held; likely to fall10Prec{arious}
63%
Adaptable; multitalented9Ver{satile}
63%
A scene of uproar and confusion6Bed{lam}
62%
Pompously inflated9Bom{bastic}
62%
Tyrant; cruel dictator6Des{pot}
62%
Bubbly12Effe{rvescent}
62%
Legal peril8Je{opardy}
62%
To cut small slices from wood7Whi{ttle}
62%
A ghostly image; specter6Wra{ith}
62%
To charm or enchant7Beg{uile}
61%
To tolerate or abide; a small stream5Br{ook}
61%
A compelling attractiveness; charm8Cha{risma}
61%
A conman; fraudster9Char{latan}
61%
A tactical opening move6Ga{mbit}
61%
Mocking or cynical8Sard{onic}
61%
Bold and without shame6Bra{zen}
60%
A general agreement9Cons{ensus}
60%
To speed up a process or action8Exp{edite}
60%
Disdainfully proud7Hau{ghty}
60%
A ruling military group5Ju{nta}
60%
Careless; not strict3L{ax}
60%
Gruesome; grisly7Mac{abre}
60%
Trifling; insignificant7Nom{inal}
60%
Required; compulsory10Ob{ligatory}
60%
Close and harmonious relationship7Rap{port}
60%
Funeral director10Un{dertaker}
60%
Prolonged quarrel; blood feud8Ven{detta}
60%
An animal in its second year8Year{ling}
60%
Friendly, social, easy-going7Aff{able}
59%
To surrender; give in to10Cap{itulate}
59%
The pivot about which a lever turns7Fu{lcrum}
59%
Obtrusively bright and showy6Gar{ish}
59%
A ship's wheel; position of control4H{elm}
59%
Pier; wharf5J{etty}
59%
A dog of no definable breed7Mon{grel}
59%
Braid of hair5Pl{ait}
59%
Allotment, ration; marketing target5Qu{ota}
59%
Saturated with liquid6Sod{den}
59%
Lavish and expensive-looking9Sump{tuous}
59%
To twist out of shape4Wa{rp}
59%
To seek the favour of; to court3W{oo}
59%
The number 101006Go{ogol}
58%
To push, elbow, bump up against6Jo{stle}
58%
Hot; sweltering6Tor{rid}
58%
Clear; obvious11Uneq{uivocal}
58%
Bear like; pertaining to a bear6Ur{sine}
58%
A confusing problem or question9Con{undrum}
57%
Moral corruption9Depr{avity}
57%
The study of family history9Gen{ealogy}
57%
Curved surface of liquid in a tube8Menis{cus}
57%
Speaker of multiple languages8Poly{glot}
57%
Mischievous child, usually a boy6Ur{chin}
57%
To make less severe9All{eviate}
56%
Pleasantly friendly7Am{iable}
56%
Increasing; building upon itself10Cum{ulative}
56%
Without stopping9Ince{ssant}
56%
An implied comparison8Met{aphor}
56%
Brave; courageous7Va{liant}
56%
Extreme greed for wealth7Av{arice}
55%
A deep sky-blue colour8Cer{ulean}
55%
Excessively devoted9Fan{atical}
55%
Frantic; frenetic6He{ctic}
55%
Evident; visible; obvious8Mani{fest}
55%
Nearsighted6M{yopic}
55%
A series of boat or yacht races7Re{gatta}
55%
A tax or duty6Ta{riff}
55%
Native speech10Ver{nacular}
55%
An expert in matters of taste11Conn{oisseur}
54%
Quiet; modest; reserved6Dem{ure}
54%
To imitate something admired7Em{ulate}
54%
Culmination; highest point8Pi{nnacle}
54%
Not inclined to talk8Tac{iturn}
54%
Wilfully deliberate; malicious6Wan{ton}
54%
To leave something in one's will8Be{queath}
53%
No longer in existence; inoperative7Def{unct}
53%
To deduce or conclude5In{fer}
53%
To praise enthusiastically5Ext{ol}
52%
The body of an aircraft8Fu{selage}
52%
A colourful and variegated pattern6Mo{saic}
52%
Apparently contradictory statement7Par{adox}
52%
A satirical imitation6Pa{rody}
52%
A tendency or preference8Penc{hant}
52%
Holier-than-thou13San{ctimonious}
52%
Abundantly green and lush7Ver{dant}
52%
Bulk gold or silver7Bul{lion}
51%
Male neckwear6Cr{avat}
51%
Having stubbornly held opinions8Dog{matic}
51%
Having great knowledge or learning7Er{udite}
51%
Bony and haggard due to suffering5Ga{unt}
51%
To show deep respect to; grovel6Kow{tow}
51%
Generous; big-hearted11Mag{nanimous}
51%
To mutilate; injure lastingly4M{aim}
51%
To demolish; completely tear down4Ra{ze}
51%
A rainbow-like band of colours8Sp{ectrum}
51%
A deserter; traitor8Turn{coat}
51%
The spirit of the times9Ze{itgeist}
51%
Suave; sophisticated8Deb{onair}
50%
Puzzling situation7Di{lemma}
50%
Old Spanish sailing ship7Ga{lleon}
50%
Notoriety6In{famy}
50%
Long existence or service9Lon{gevity}
50%
Muscular6Bra{wny}
49%
Bad-tempered; quarrelsome12Cant{ankerous}
49%
To worship as a God5De{ify}
49%
To laugh at mockingly6Der{ide}
49%
Jewelled crown or headband6Di{adem}
49%
Social blunder or mistake5Ga{ffe}
49%
To cut short8Tru{ncate}
49%
Empty; mindless; meaningless7Vac{uous}
49%
Frank; honest6Ca{ndid}
48%
To publicly denounce5Dec{ry}
48%
To decorate with a raised design6Emb{oss}
48%
To cut or dig out5Go{uge}
48%
A noisy, riotous fight5Me{lee}
48%
A remedy for all ills7Pan{acea}
48%
Minimum numbers for a meeting6Quo{rum}
48%
A soldier who keeps watch8Sen{tinel}
48%
To scold or reprimand5Ch{ide}
47%
A flock of geese when not in flight6G{aggle}
47%
A large group or crowd of people5Ho{rde}
47%
On the edge; not important10Peri{pheral}
47%
Overused; lacking originality5Tr{ite}
47%
To move gently as air4W{aft}
47%
A luminous and heavenly aura6Nim{bus}
46%
The likely course of a disease9Pro{gnosis}
46%
Mercury11Qui{cksilver}
46%
Meticulous; attentive to details10Scr{upulous}
46%
Brownish-orange; a type of owl5Ta{wny}
46%
To beg; plead with7Bes{eech}
45%
Casual relationship; fling9Dall{iance}
45%
A poem concerned with death5El{egy}
45%
A deceptive blow in fencing or boxing5F{eint}
45%
A beam supporting a ceiling5Jo{ist}
45%
A highly unpleasant smell6Mia{sma}
45%
Comparable9Ana{logous}
44%
Still in existence6Ext{ant}
44%
Excessively lenient; permissive9Indu{lgent}
44%
Destiny; fate6Kis{met}
44%
An individual artistic work4O{pus}
44%
Out of date; no longer fashionable5Pa{ssé}
44%
To reject; refuse to accept9Repu{diate}
44%
The art of persuasion8Rh{etoric}
44%
To lay eggs in large numbers5Sp{awn}
44%
A homeless or abandoned child4Wa{if}
44%
To conspire or collude7Conn{ive}
43%
A noisy quarrel6Fra{cas}
43%
Ocean debris6Jet{sam}
43%
Cause dough to rise6Le{aven}
43%
A long, official letter7Miss{ive}
43%
To cower; shrink back in fear5Qu{ail}
43%
Private rendezvous between lovers5Tr{yst}
43%
Pattern of spirals or concentric circles5Who{rl}
43%
Common; dull5Ba{nal}
42%
A person who makes candles8Cha{ndler}
42%
Capable of being stretched7Ten{sile}
42%
Relating to a unifying motif or idea8The{matic}
42%
Relating to trees8Arb{oreal}
41%
Mysterious, understood by few6Arc{ane}
41%
A low platform for a throne, eg.4D{ais}
41%
False10Fall{acious}
41%
An old, dilapidated car6Ja{lopy}
41%
Female donkey or ass5Je{nny}
41%
Storyline; plot outline8Sce{nario}
41%
Hands-on-hips6Ak{imbo}
40%
Trinket; cheap jewel6Bau{ble}
40%
Rudely abrupt; blunt7Bru{sque}
40%
Puzzled; baffled9Qui{zzical}
40%
A daydream; pleasant trance7Rev{erie}
40%
Highly moral behaviour6Vi{rtue}
40%
Slaughterhouse8Ab{attoir}
39%
Raised bank of a river5Le{vee}
39%
To expel someone from a position4O{ust}
39%
A skilled and amusing storyteller9Rac{onteur}
39%
Affliction; curse; plague7Sco{urge}
39%
Bogus; false8Spu{rious}
39%
Hilarious; hysterical10Upr{oarious}
39%
Ill-mannered; surly8Chu{rlish}
38%
To invent a new word4C{oin}
38%
To prevent; discourage5De{ter}
38%
Morally instructive; educational8Did{actic}
38%
Foul-smelling; stinking5Fe{tid}
38%
The heavens or the sky9Fir{mament}
38%
To develop wing feathers for flight6Fle{dge}
38%
To bend one's knee in worship9Gen{uflect}
38%
Lazy8Ind{olent}
37%
To compete closely for superiority5Jo{ust}
37%
A small gulf or inlet6La{goon}
37%
Cloyingly sweet10Sac{charine}
37%
To waver between opinions9Vac{illate}
37%
Pleasantly rural7Buc{olic}
36%
A young swan6C{ygnet}
36%
Sweet; sugary6Dul{cet}
36%
Glib; flippant9Fac{etious}
36%
Common and overused9Hack{neyed}
36%
Having evil intentions10Mal{evolent}
36%
Burdensome; effortful7On{erous}
36%
Minor criticism; trivial complaint7Qui{bble}
36%
Most noticable or important7Sal{ient}
36%
To hurry; rush6Ha{sten}
35%
Vast in number; numerous6Leg{ion}
35%
A prisoner's shackle or chain7Ma{nacle}
35%
Teacher; educator9Ped{agogue}
35%
A stanza of four lines8Quat{rain}
35%
A tiny spark of feeling9Scin{tilla}
35%
Attractive; nice-looking6Com{ely}
34%
Small, trivial details8Minu{tiae}
34%
Aggressively greedy9Rap{acious}
34%
To stay somewhere temporarily7So{journ}
34%
Truthfulness; accuracy8Ve{racity}
34%
Leftover; residual9Vest{igial}
34%
Trickery9Chi{canery}
33%
To drag under a ship as punishment8Kee{lhaul}
33%
To steal7Pur{loin}
33%
Fanatical; overzealous5Ra{bid}
33%
Hairy7Hir{sute}
32%
A sermon; moralising lecture6Ho{mily}
32%
Exemplary; flawless10Imp{eccable}
32%
Rude; insolent11Impe{rtinent}
32%
Habitual return to crime10Reci{divism}
32%
A very small stream7Riv{ulet}
32%
Exceeding what is necessary11Super{fluous}
32%
Extortionate money-lending5Us{ury}
32%
To separate chaff from grain6Win{now}
32%
A variety of wine grape9Zi{nfandel}
32%
Stringed instrument6Zi{ther}
32%
Uncritically self-satisfied10Comp{lacent}
31%
Random; happening by chance9Hap{hazard}
31%
An edible bean with white seeds7Har{icot}
31%
The study of languages9Phi{lology}
31%
A sheriff's law enforcement helpers5Po{sse}
31%
Quick to argue or fight9Truc{ulent}
31%
Liveliness, eagerness8Ala{crity}
30%
Shy; lacking confidence9Dif{fident}
30%
Entire range; scope5Ga{mut}
30%
Bitter; envious; resentful9Jau{ndiced}
30%
To chop into tiny pieces8Mac{erate}
30%
A length of coiled yarn5Sk{ein}
30%
To plunder; go looting6Mar{aud}
29%
A connected group or series5Ne{xus}
29%
An unscrupulous seducer of women8Lot{hario}
28%
To close up or block7Occ{lude}
28%
To reject or void a conviction5Qu{ash}
28%
Indecent; risqué6Rib{ald}
28%
Wisdom8Sag{acity}
28%
To quench one's thirst5Sl{ake}
28%
Daffodil-like flower7Jon{quil}
27%
Social isolation9Ost{racism}
27%
Egg-shaped; elliptical5Ov{oid}
27%
Protective wall in a trench7Par{apet}
27%
Commonplace; unimaginative7Pros{aic}
27%
Serious; unadventurous5Sta{id}
27%
To howl or wail with grief7Ul{ulate}
27%
A religious assistant7Ac{olyte}
26%
Blissfully happy8Beat{ific}
26%
A temporary camp without tents7Bi{vouac}
26%
To avoid using; abstain from6Esc{hew}
26%
Well-mannered; respectable7Gen{teel}
26%
A naïve young woman7Ing{énue}
26%
Annoyingly authoritarian9Offi{cious}
26%
Having many curves and turns7Sin{uous}
26%
Audacity; boldness; nerve8Tem{erity}
26%
An open area of grassy land3L{ea}
25%
Causing sleep or drowsiness9Sop{orific}
25%
Useless repetition9Tau{tology}
25%
A deep, covered soup dish6Tu{reen}
25%
Women's hat maker8Mi{lliner}
24%
One's friends and acquaintances4Ki{th}
23%
The study of spelling11Or{thography}
23%
The resolution of a mystery10Den{ouement}
22%
Ill will; hatred; hostility6En{mity}
22%
Delicate and intricate ornamentation8Fil{igree}
22%
Gap between reigns or governments11Inter{regnum}
22%
Sad; gloomy10Lug{ubrious}
22%
Stamp-collector11Phil{atelist}
22%
Swiftness of movement8Cele{rity}
21%
Occurring in wintertime8Hi{bernal}
21%
An intricate and complicated situation9Imbr{oglio}
21%
In music, the value of two crotchets5Mi{nim}
21%
In a state of inactivity9Quie{scent}
21%
A transition from one state to another5Se{gue}
21%
A cunning plan or scheme9Stra{tagem}
21%
Corruptible; open to bribery5Ve{nal}
21%
Distinguished; eminent6Au{gust}
20%
To cough or spit out phlegm11Exp{ectorate}
20%
Having little or no money; penniless11Impec{unious}
20%
A beggar9Mend{icant}
20%
The dot over an i or a j6Ti{ttle}
20%
Outcome; conclusion6Up{shot}
20%
A short, witty saying7Epi{gram}
19%
A song of praise or triumph5Pae{an}
19%
Extreme poverty6Pen{ury}
19%
Slow and gloomy; somber9Satu{rnine}
18%
A religious convert9Pros{elyte}
17%
A young hen, less than a year old6Pu{llet}
17%
A sudden whimsy or fancy7Ca{price}
16%
To express vehement protest9Ful{minate}
16%
Cheerful; lighthearted6Joc{und}
16%
Adage; saying; proverb5Ma{xim}
16%
Indirect; winding8Tor{tuous}
15%
The act of anointing with oil7Un{ction}
14%
Torn apart5Ri{ven}
13%
An ineffective medicine7Nos{trum}
12%
Harsh criticism or censure10Oppr{obrium}
12%
Excessively fond of one's wife8Ux{orious}
12%
A free-standing Italian bell tower9Cam{panile}
11%
(Of a voice) Loud and powerful10Sten{torian}
11%
To throw into confusion5Ad{dle}
10%
Lucrative job with little responsibility8Sin{ecure}
10%
A medieval minstrel or entertainer8Jon{gleur}
9%
An unfilled space; a gap6Lac{una}
9%
A vertical fishing net5Se{ine}
8%
Confused mass; messy jumble6Wel{ter}
8%
Made of, or resembling, wood8Lig{neous}
7%
Unchanging and everlasting11Semp{iternal}
5%
A blessing7Ben{ison}
4%
On a weekly basis10Hebd{omadal}
4%
Swollen; engorged5Tu{mid}
4%

Score Distribution

Percentile by Number Answered

Percent of People with Each Score

Your Score History

You have not taken this quiz